Fundamentals of investment management

Bibliographic Details
Main Author: Hirt, Geoffrey A.
Other Authors: Block, Stanley
Format: Book
Language:English
Published: New York : McGraw-Hill Irwin , 2012
Edition:10th. Ed.
Subjects:

MARC

LEADER 00000cam a2200000 7i4500
001 0000025628
005 20141002.0
008 021014 xxu# eng
020 |a 9780078034626 ,   |c RM866.90 
040 |a INS 
090 0 0 |a HG4521.   |b H618 2012 
100 1 |a Hirt, Geoffrey A. 
245 0 0 |a Fundamentals of investment management   |c Geoffrey A. Hirt and Stanley B. Block 
250 |a 10th. Ed. 
260 |a New York :   |b McGraw-Hill Irwin ,   |c 2012 
300 |a xxxi,656 p. ;   |c 28 cm. 
650 0 0 |a Investment 
650 0 0 |a Investment analysis 
650 0 0 |a Investment   |x United states 
700 1 |a Block, Stanley 
999 |a 1000002010   |b BOOK   |c Open Shelf   |e Default branch